00321nam a2200133Ia 4500008004000000041000800040082001100048100001100059245003900070260003100109650001800140650001400158650001500172210210b1928 xxu||||| |||| 00| 0 eng d aeng a885/25 aVAMANA aKAvyalankara: ganganath commentary aPUnabOriental Booksc1928 aKAvyalankara: aganganath acommentary